000 00416nam a2200157Ia 4500
008 100122s9999 xx 000 0 und d
082 _b19578
_a823.08
100 _aनरवणे सुधा
245 _aदोलाचल
250 _a1
260 _bआनंद अनंत अंतरकर
_c1973
300 _a146
630 _aदोलाचल
730 _aदोलाचल
942 _cBOOK
999 _c408578
_d408575